00240nam a2200073Ia 4500082001700000245008700017100002100104008004100125 a658.155 YOUN 0aOperational risk management : the practical application of a qualitative approach  a Young, Jackie 210817s9999 xx 000 0 und d